| 000 | 00683nam a2200193Ii 4500 | ||
|---|---|---|---|
| 003 | JO-AjNU | ||
| 008 | 230605s9999||||xx |||||||||||||| ||und|| | ||
| 040 |
_aJO-AjNU _bara _erda _cJO-AjNU |
||
| 041 | _aara | ||
| 050 | 1 | 4 | _aPJ 7864 .A42 Z542 |
| 100 | 3 |
_aالبدوي الملثم 1909-1971, _eauthor _910828 |
|
| 245 | 0 | 0 | _aعرار: شاعر الأردن |
| 264 | 3 | 1 | _aبيروت: دار القلم، د.ت |
| 300 |
_a340ص _bيشتمل على كشافات |
||
| 336 |
_atext _btxt _2rdacontent |
||
| 337 |
_aunmediated _bn _2rdamedia |
||
| 338 |
_avolume _bnc _2rdacarrier |
||
| 650 | 4 |
_aالشعراء الاردنيون - تراجم - عرار - 1899- 1949 - القرن 20 _910829 |
|
| 999 |
_aA2008 _c5576 _d5576 |
||